000 00740nam a2200205 a 4500
003 0
005 20250429125743.0
008 970111s19uu xx 00 eng d
050 _aPGS GV 1469.3
_b.B354 2003
100 _aBavia, Carlo Angelo F.
245 _aPreferences of grade six students in playing video games /
_cCarlo Angelo F. Bavia.
260 _aLas PiƱas City, Philippines :
_bSouthville International School and Colleges,
_c2003.
300 _aUnpaged :
_billustrations ;
_c28 cm.
504 _aIncludes bibliographical references.
650 _aVideo games
_vPsychological aspects.
650 _aChildren and video games.
650 _aVideo games
_vSocial aspects.
650 _aStudents
_vAttitudes.
942 _2lcc
_cPASS
999 _c96836
_d96836